000 01023nam a2200301 i 4500
001 bg
003 KOSZ 005
005 20191024105023.0
008 960606s1991 pl f f |000 0 pol
020 _a8321336450
040 _cKOSZ 005/HR
_aKOSZ 005/HR
_dKOSZ 005/HR
041 _apol
080 _a624.04
080 _a004.42
080 _a(075.8)
245 0 _aMechanika budowli :
_bujęcie komputerowe.
_nT. 2 /
_ckier. zesp. aut. Gustaw Rakowski ; zesp. aut. Roman Ciesielski [et al.].
260 _aWarszawa :
_b"Arkady",
_c1991.
300 _a336 s. :
_brys., wykr.;
_c24 cm.
380 _aKsiążki
504 _aBibliogr. przy rozdz.
658 _aArchitektura i budownictwo
655 4 _aPodręczniki akademickie
650 4 _aMechanika budowli
700 1 _aRakowski, Gustaw
_d(1929-2006).
_eRedakcja
700 1 _aCiesielski, Roman
_d(1924-2004)
_eAutor
856 _uhttp://koha.tu.koszalin.pl/cgi-bin/koha/opac-detail.pl?biblionumber=6436
_yKatalog online BPK
942 _cKS
_2UKD
999 _c6436
_d6436